All Burgers at Burger King - Statistics

General Stats
  • This quiz has been taken 89 times
  • The average score is 3 of 10
Answer Stats
Answer % Correct
Whopper
96%
Cheeseburger
68%
Hamburger
57%
Double Cheeseburger
29%
Bacon King
19%
Bacon Cheeseburger
13%
Impossible Whopper
9%
Double Stacker King
1%
Triple Stacker King
1%
Single Stacker King
0%
No matching quizzes found
Score Distribution
Percent of People with Each Score
Percentile by Number Answered
Your Score History
You have not taken this quiz